PERSONA NON GRATA (Record n. 108444)

Dettagli MARC
000 -LEADER
fixed length control field 02202agaaa2200289 4500
001 - CONTROL NUMBER
control field 5204
003 - CONTROL NUMBER IDENTIFIER
control field IT-RoPAU
005 - DATE AND TIME OF LATEST TRANSACTION
control field 20220918181310.0
007 - PHYSICAL DESCRIPTION FIXED FIELD--GENERAL INFORMATION
fixed length control field d cvaizq
008 - FIXED-LENGTH DATA ELEMENTS--GENERAL INFORMATION
fixed length control field 50131s9999||||xx ||| | || ||und||
040 ## - CATALOGING SOURCE
Original cataloging agency IT-RoPAU
Transcribing agency IT-RoPAU
041 ## - LANGUAGE CODE
Language code of text/sound track or separate title ITALIANO
100 ## - MAIN ENTRY--PERSONAL NAME
Personal name Stone Oliver
Miscellaneous information Codice regista SPICS: 26925
9 (RLIN) 55702
130 ## - MAIN ENTRY--UNIFORM TITLE
Uniform title PERSONA NON GRATA
9 (RLIN) 43251
245 ## - TITLE STATEMENT
Title PERSONA NON GRATA
Statement of responsibility, etc. Prodotto da: Sulichin Fernando Diretto da: Stone Oliver
Name of part/section of a work PERSONA NON GRATA (Rif. Codice opera principale : H5204)
250 ## - EDITION STATEMENT
Edition statement Edizione Standard
260 ## - PUBLICATION, DISTRIBUTION, ETC. (IMPRINT)
Place of publication, distribution, etc. (USA - FRA - SPA)
Name of publisher, distributor, etc. WILD BUNCH - RULE 8 - MORENA FILMS - IXTLANC - RULE 8 / Distribuzione: INTERNAZIONALE
Date of publication, distribution, etc. "2003 (1° ed.: 2004 ; Ed. Lingua Orig.: 2003)"
300 ## - PHYSICAL DESCRIPTION
Extent DVD
Other physical details sonoro, col.
Dimensions 67 minuti
508 ## - CREATION/PRODUCTION CREDITS NOTE
Creation/production credits note "Fotografia: Prieto Rodrigo; Montaggio: Page Langdon; "
511 ## - PARTICIPANT OR PERFORMER NOTE
Participant or performer note "Arafat Yasser; Barak Ehud; Netanyhau Benjamin; Peres Shimon; Stone Oliver; Yosef J."
520 ## - SUMMARY, ETC.
Summary, etc. MARZO 2002, NEL MOMENTO IN CUI LE DIPLOMAZIE ISRAELIANA E PALESTINESE SONOBLOCCATE DALL'ESCALATION DELLA VIOLENZA, OLIVER STONE E' SUL POSTO CON UNATROUPE PER INTERVISTARE I LEADER DELLE DUE PARTI IN CONFLITTO. PER 5 GIORNI VIAGGIA TRA GERUSALEMME, TEL AVIV E RAMALLAH, CAPITALE DELL'AUTORITA' PALESTINESE, DOCUMENTANDO LA VITA QUOTIDIANA SEGNATA DALLA VIOLENZA. CONSERVANDO LA SPERANZA DI UNA SOLUZIONE PACIFICA, IL FILM FA PARLARE I PROTAGONISTIDEL CONFLITTO. TRA GLI INTERVISTATI: GLI EX PRIMI MINISTRI PERES, BARAK E NETANYAHU, ALCUNI IMPORTANTI DIPLOMATICI, IL PORTAVOCE DELL'ALA POLITICA DIHAMAS E UN GRUPPO DI MEMBRI DELLE BRIGATE DEI MARTIRI DI AL AQSA. MA IL FILM E' ANCHE LA STORIA DI UN'INTERVISTA MANCATA: DOPO VARI GIORNI PASSATI A CERCARE DI PARLARE CON YASSER ARAFAT, QUANDO SEMBRA CHE POSSANO FINALMENTE INCONTRARLO, STONE E LA SUA TROUPE RIMANGONO COINVOLTI NELLA RAPPRESAGLIA ISRAELIANA A UN SANGUINOSO ATTENTATO PALESTINESE: L'ESERCITO CIRCONDA RAMALLAH E DISTRUGGE IL QUARTIER GENERALE DI ARAFAT.
538 ## - SYSTEM DETAILS NOTE
System details note PAL, STEREO
546 ## - LANGUAGE NOTE
Language note ITALIANO
650 ## - SUBJECT ADDED ENTRY--TOPICAL TERM
Topical term or geographic name as entry element DOCUMENTARIO
Relator term DVD-VARI [DVD]
General subdivision Codice MATERIA SPICS: 9946
9 (RLIN) 55703
700 ## - ADDED ENTRY--PERSONAL NAME
Personal name Stone Oliver
Relator term (regista)
Miscellaneous information Codice regista SPICS: 26925
9 (RLIN) 55704
942 ## - ADDED ENTRY ELEMENTS (KOHA)
Koha item type DVD
Source of classification or shelving scheme Dewey Decimal Classification
Dati di copia
Withdrawn status Lost status Damaged status Not for loan Home library Current library Date acquired Total Checkouts Full call number Date last seen Price effective from Koha item type Public note
    Buone Condizioni Not For Loan SPICS-MEDIATECA SPICS-MEDIATECA 31/01/2015   H5204 31/01/2015 31/01/2015 DVD Progr. Ins.: 3223 / N.Vol.:1 / Copie: 1 / Pag.:0 / Copia rara: n.d. / date import: 1.2.2015 / By Epidotti, Trombetti, Vaglietti
CREDITS: SOCIETA' SAN PAOLO Via A.Severo, 58 - ROMA (RM) & PERIODICI SAN PAOLO SRL Via Giotto, 36 MILANO & CISF Via Giotto, 36 MILANO & EDIZIONI SAN PAOLO SRL,  Piazza Soncino, 5 CINISELLO BALSAMO (MI) -- ITALY